00806 2200265 4500001002100000005001500021035002000036007000300056008004100059020001800100082001000118084001600128100002000144245013500164250001000299260005100309300003900360650001600399700002000415700001800435700002700453700002000480504003100500990000900531INLIS00000000000352120190528121326 a0010-0519000112ta190528 g 0 ind  a9786024243258 a158.1 a158.1 TIE p0 aTIEGER, Paul D.1 aPribadimu Profesimu /cPaul D. Tieger, Barbara Barron, Kelly Tieger; penerjemah, Ruth Meigi Panggabean; penyunting, Andya Primanda acet.1 aJakarta :bKepustakaan Populer Gramedia,c2017 axxiii, 501 hlm. :bilus. ;c24 cm. 4aKEPRIBADIAN0 aBARRON, Barbara0 aTIEGER, Kelly0 aPANGGABEAN, Ruth Meigi0 aANDYA, Primanda aBibliografi : hlm. 491-501 a6811